=LDR 00000nam 2200000 4500 =001 INLIS000000000012983 =005 20170426025949 =035 ##$$a 0010-061300000012983 =008 ***********************************Ind** =041 ##$$a Ind =082 ##$$a 92 ( Din ) =090 ##$$a 92 ( Din ), Ria c =100 ##$$a Riansyah =245 ##$$a Cut Nyak Din, Pahlawan perjuangan kemerdekaan no.9, Riansyah =260 ##$$a 2000 :$b Jakarta =300 ##$$a 24 hlm, ilus, 16 cm =650 ##$$a Din, Cut Nyak =850 ##$$a NBPNMAT